00881 a2200145 4500020001500000082002100015100007100036245001800107250016100125300001500286440001600301505037800317650002800695651001200723 a848977109X a709.946bAR786d2 aCarrillo, Jess͠; Noriega Estella, Ignacio y Mers̀-Garca̕, Lidia aDesacuerdos 2 aDesacuerdos 2 es el segundo columen de la serie de publicaciones que divulgan los contenidos que ha producido la investigacin̤ emprendida en enero de 2003. a263pc24cm aDesacuerdos tContrahegemona̕ y desacuerdos.tLn̕ea de fuerza. Banalidad y biopolt̕ica: La transicin̤ espaǫla y el nuevo orden del mundo.tCaso de estudio. Polt̕ica cultural del gobierno espaǫl en el exterior (2000-2004).tAleph, la web como espacio de accin̤ paralela.t1969-... Feminismos y prc̀ticas colaborativas globalizacin̤ desde abajo.tEntrevista. Beatriz Preciado. aArtevCultura espaǫla aEspaą